000 00958nam a2200265Ia 4500
003 OSt
005 20220923222124.0
006 a|||||r|||| 00| 0
007 ta
008 220922b |||||||| |||| 00| 0 ben d
024 _a203,136
037 _cTextual
040 _aARTS
_cARTS
_bben
041 _2ben
_aben
082 _aO157,3M61x, 152M1;N2.1
100 _aठाकुर, रवीन्दनाथ; तोमर, रामसिंह, अनु.
_9165978
245 0 _aकहानियां
246 _aKahāniyāan
250 _aसंस्क 4
260 _aनई दिल्ली
_b साहित्य अकादमी
_c1992
300 _a403पृ0
_ccm.
650 _aबंगाली साहित्य
_9156264
942 _hO157,3M61x, 152M1;N2.1
_cTEXL
_2CC
999 _c353896
_d353896